000
00276nam a22000977a 4500
008
231128b |||||||| |||| 00| 0 eng d
020
_a
9789355558466
100
_a
MTG Learning Media
_9
7727
245
_a
MTG NCERT FINGERTIPS-CLASS-9
260
_a
New Delhi
_b
MTG Learning Media
_c
2024
999
_c
12471
_d
12471